000 00783nam a2200217Ii 4500
003 JO-AjNU
008 230605s9999||||xx |||||||||||||| ||und||
017 _a2005/3/655
040 _aJO-AjNU
_bara
_erda
_cJO-AjNU
041 _aara
050 1 4 _aPJ 7515 .G36 2005
100 3 _aتاليف غنيم، خالد إسماعيل,
_eauthor
_938090
245 0 0 _aمسك الخواطر
250 _aط1
264 3 1 _aعمان: دار الياقوت، 2005
300 _a 137ص
_bمجموعة من المقالات والحكايات الادبية الفريدة
336 _atext
_btxt
_2rdacontent
337 _aunmediated
_bn
_2rdamedia
338 _avolume
_bnc
_2rdacarrier
650 4 _aالمقالات الادبية - الادب العربي - العصر الحديث
_938091
999 _aA15974
_c19542
_d19542